00838nam a22002417a 450000500170000001000110001702000220002803500110005003700160006104000120007708200130008924500700010226000520017227000340022430000250025850000520028365000390033565000320037470000310040694200220043799900190045995201180047820170124110101.0 a702477 c00.00a0520018117 a702477 bCen Lib/Ret aDPLbEN a951bCUL aThe cultural revolution in china /cedited by Thomas W. Robinson  bUniversity of California Press aLondon c1971  bLondon aberkley los angeles  axiv, 509p.c23cm(Hb) aIncludes bibliographical references and index  aHistorical aspects zChina 927101 aCultural revolution 927102 aRobinson, Thomas W.927103 2ddccENh951mCUL c129675d129675 00104070aLbLd2015-07-07eCen Lib/Retg0.00l0o951 CULp702477r2015-07-07 00:00:00t1v0.00w2015-07-07yEN